000 00682nam a2200289Ia 4500
005 20260324143145.0
008 008 260324s9999 xx 000 0 eng d
020 _a9781003544555
037 _aEBOOK
040 _aCRL
040 _beng
040 _cCRL
041 _2eng
041 _aeng
084 _qCRL
100 _aPeter Middleton
_91214600
245 4 _aThe Inward Gaze
245 0 _bMasculinity and Subjectivity in Modern Culture
260 _bTaylor and Francis
260 _c1992
365 _a
365 _b145
856 _uhttp://www.taylorfrancis.com/books/9781003544555
942 _cEBOOK
999 _c1819668
_d1819668